Missing Word: Bill Murray (A-Z) Quiz Stats

Quiz Updated Mar 4, 2015

Challenge
Share
Tweet
Embed
Score 0/23 Timer 03:00
0 Plays Today
Hint Missing Word % Correct
_____ in TranslationLost
97.7%
Little Shop of _____ Horrors
95.2%
_____ 's AngelsCharlie
93.7%
The Razor's _____ Edge
91.1%
The Man Who _____ Too LittleKnew
90.2%
_____ Lasts Forever Nothing
89.3%
The _____ TenenbaumsRoyal
85.8%
_____ DayGroundhog
84.5%
What About _____ ? Bob
80.8%
Space _____ Jam
78.9%
Fantastic Mr. _____ Fox
77.5%
Hyde _____ on Hudson Park
76.9%
Hint Missing Word % Correct
A Glimpse _____ the Mind of Charles Swan IIIInside
64.5%
Ed _____ Wood
63.2%
Mad _____ and GloryDog
60.8%
St. _____Vincent
53.8%
Get _____ Smart
53.8%
The Life Aquatic with Steve _____ Zissou
48.4%
_____ ChangeQuick
47.4%
Wild _____ Things
39.6%
_____ JonesOsmosis
32.4%
_____ KingdomMoonrise
31.5%
Coming _____ Attractions
5.4%

Today's Daily Dose

You're not logged in!

Compare scores with friends on all Sporcle quizzes.
Sign Up with Email
OR
Log In

You Might Also Like...

Show Comments

Extras

Top Quizzes Today


Score Distribution

Your Account Isn't Verified!

In order to create a playlist on Sporcle, you need to verify the email address you used during registration. Go to your Sporcle Settings to finish the process.